| 000 | 00000nam##2200000za#4500 |
| 001 | 9.697089 |
| 003 | CaOODSP |
| 005 | 20210624235327 |
| 007 | cr ||||||||||| |
| 008 | 150407|1994||||xxc|||||o f|0| 0 eng|d |
| 040 | |aCaOODSP|beng |
| 043 | |an-cn--- |
| 086 | 1 |aCS92-328/1994E-PDF |
| 245 | 00|aFamilies |h[electronic resource] |
| 246 | 1 |iSeries title also given on publication as : |a1991 Census technical reports |
| 260 | |aOttawa - Ontario : |bStatistics Canada |c1994. |
| 500 | |aHistorical census publication digitized by Statistics Canada. |
| 504 | |aBibliography. |
| 590 | |a13-04-Supp|b2013-02-13 |
| 690 | 07|aFamily|2gcpds |
| 690 | 07|aCensus|2gcpds |
| 710 | 2 |aStatistics Canada. |
| 775 | 08|tFamilles |w(CaOODSP)9.641155 |
| 856 | 40|ahttp://publications.gc.ca|qPDF|s964 KB|uhttps://publications.gc.ca/collections/collection_2012/statcan/rh-hc/CS92-328-1994-eng.pdf |